banner-ar

سيكولوجية اللعب عند الانسان / (Record no. 39789)

MARC details
000 -الفاتح
حقل البيانات ثابتة الطول 00539nam a2200193Ia 4500
008 - عناصر البيانات ثابتة الطول - معلومات عامة
حقل البيانات ثابتة الطول 140319s9999 xx 000 0 ara d
040 ## - مصدر الفهرسة
وكالة الفهرسة الأصلية GCL /
وكالة النسخ GCL
082 04 - رقم تصنيف ديوى العشرى
رقم التصنيف 155.4
رقم المادة م س
100 1# - المدخل الرئيسى - إسم شخصى
الإسم الشخصى ميلر، موزاتا
245 10 - بيان العنوان
العنوان سيكولوجية اللعب عند الانسان /
بيان المسئوليه,etc ميلر، موزاتا
700 1# - المدخل الاضافى - اسم شخصى
الإسم الشخصى حسن عيسى (مترجم)
300 ## - الوصف المادى
التعداد 277 ص
490 ## - بيان السلسلة
عنوان السلسلة
650 04 - المدخل الاضافى بالموضوع-مصطلح موضوعى
مصطلح موضوعي الاطفال
650 04 - المدخل الاضافى بالموضوع-مصطلح موضوعى
مصطلح موضوعي علم النفس
650 04 - المدخل الاضافى بالموضوع-مصطلح موضوعى
مصطلح موضوعي سيكولوجية اللعب
942 ## - عناصر المدخل الإضافي( كوها)
مصدر التصنيف او مخطط الترفيف Dewey Decimal Classification
Koha [default] item type كتاب
Holdings
حالة التراجع حالة الفقد حالة تلف ليس للاعارة المكان المؤقت الموقع الحالى تاريخ الاكتساب اجمالي اﻻعارات رقم الطلب الباركود تاريخ اخر مشاهدة تاريخ تفعيل السعر نوع وعاء كوها
        مكتبة القاهرة الكبرى مكتبة القاهرة الكبرى 03/26/2014   155.4\م س 97049 03/26/2014 03/26/2014 كتاب

Powered By

EGPV